Community and population health
Bewaard in:
| Hoofdauteur: | |
|---|---|
| Formaat: | Boek |
| Taal: | Undetermined |
| Gepubliceerd in: |
Boston
McGraw Hill
1999
|
| Onderwerpen: | |
| Tags: |
Voeg label toe
Geen labels, Wees de eerste die dit record labelt!
|
| Thư viện lưu trữ: | Trung tâm Học liệu Trường Đại học Cần Thơ |
|---|
| LEADER | 00607nam a2200205Ia 4500 | ||
|---|---|---|---|
| 001 | CTU_169326 | ||
| 008 | 210402s9999 xx 000 0 und d | ||
| 020 | |c 0.04 | ||
| 082 | |a 362.1 | ||
| 082 | |b G795 | ||
| 100 | |a Green, Lawrence W. | ||
| 245 | 0 | |a Community and population health | |
| 245 | 0 | |c Lawrence W. Green, Judith M. Ottoson | |
| 260 | |a Boston | ||
| 260 | |b McGraw Hill | ||
| 260 | |c 1999 | ||
| 650 | |a Public health,Vệ sinh công cộng | ||
| 650 | |z United States,Hoa Kỳ | ||
| 904 | |i Chu Thị Thúy Phượng, Hải | ||
| 980 | |a Trung tâm Học liệu Trường Đại học Cần Thơ | ||